Statistiken für Synonyme für Filmtitel

Klicken Sie hier um das Quiz zu spielen!

Allgemein

  • Dieses Quiz wurde 239 mal gespielt
  • Das Durchschnittsergebnis liegt bei 4 aus 15

Antwortstatistiken

UmschreibungFilmtitel% Korrekt
Musiziere mir die Ode an die VergänglichkeitSpiel mir das Lied vom Tod
55%
Der antike Sportler mit geringer LebenserwartungGladiator
51%
Auf Wiedersehen, Herr Wladimir Iljitsch UljanowGood Bye, Lenin
51%
Kasachischer Anzugträger auf der Reise durch das Land of the FreeBorat
45%
Ein Dutzend Silvester ohne Freiheit verbracht12 Years as a Slave
42%
Juristisch sind sie eindeutig für schuldig befunden wordenDie Verurteilten
36%
Ein Rasen mit einer Länge von 1,609kmThe Green Mile
33%
Möge sich der große Literat mit Beischlaf beschäftigenFack ju, Göte
17%
Das Backerzeugnis britischer AuswandererAmerican Pie
16%
Mathematische Methodik in der linearen AlgebraMatrix
13%
Niedrig temperierte CherubinenEiskalte Engel
10%
Die Biografie von Fynn Kliemanns bestem FreundDas Leben des Bryan
9%
Die britische Lehranstalt für DamenbeinbekleidungSchool of Rock
8%
Das Gestirn der HerrentierePlanet der Affen
7%
Der Lebenssaft verströmende Weg von Morgan Freemans ParaderolleDer blutige Pfad Gottes
5%

Verteilung der Resultate

Perzentil nach korrekt beantworteten Fragen

Anzahl Personen mit jedem Resultat

Ihre Resultats-Entwicklung

Sie haben dieses Quiz noch nicht gespielt